| 000 | 00531nam a2200181 a 4500 | ||
|---|---|---|---|
| 001 | 000671188 | ||
| 003 | AM-YeHGA | ||
| 005 | 20250617142004.0 | ||
| 008 | 090701s1964 ||| r 000 0 rus d | ||
| 040 | _aAM-YeHGA | ||
| 041 | 0 | _arus | |
| 100 | 1 | _aБуханов, Виталий Степанович | |
| 245 | 1 | 0 |
_aЗемляки / _cВиталий Буханов. |
| 260 |
_aМосква : _bСов. Россия, _c1964. |
||
| 300 | _a58 с . | ||
| 653 | 0 | _aРусская советская поэзия | |
| 090 | _c250488 | ||
| 999 |
_c248893 _d248893 |
||